Capitalele județelor României - Statistics

General Stats
  • This quiz has been taken 41 times
  • The average score is 33 of 42
Answers on the Map
Answers color-coded by a green-red scale on the quiz's map according to % correct below.
 
Answer Stats
Capitala Județul % Correct
București București
95%
București Ilfov
95%
Constanța Constanța
95%
Iași Iași
95%
Oradea Bihor
95%
Suceava Suceava
95%
Tulcea Tulcea
95%
Arad Arad
90%
Botoșani Botoșani
90%
Satu Mare Satu Mare
90%
Timișoara Timiș
90%
Vaslui Vaslui
90%
Alba Iulia Alba
85%
Bacău Bacău
85%
Baia Mare Maramureș
85%
Brăila Brăila
85%
Galați Galați
85%
Giurgiu Giurgiu
85%
Pitești Argeș
85%
Ploiești Prahova
85%
Brașov Brașov
80%
Buzău Buzău
80%
Cluj-Napoca Cluj
80%
Craiova Dolj
80%
Sibiu Sibiu
80%
Târgu Mureș Mureș
75%
Călărași Călărași
70%
Deva Hunedoara
70%
Slobozia Ialomița
70%
Târgu Jiu Gorj
70%
Zalău Sălaj
70%
Alexandria Teleorman
65%
Bistrița Bistrița-Năsăud
65%
Drobeta-Turnu Severin Mehedinți
65%
Râmnicu Vâlcea Vâlcea
65%
Târgoviște Dâmbovița
65%
Focșani Vrancea
60%
Piatra Neamț Neamț
60%
Reșița Caraș-Severin
55%
Sfântu Gheorghe Covasna
55%
Miercurea Ciuc Harghita
45%
Slatina Olt
45%
No matching quizzes found
Score Distribution
Percent of People with Each Score
Percentile by Number Answered
Your Score History
You have not taken this quiz